О, Муза, плача...: стихотворения, посвященные Анне Ахматовой

Dades bibliogràfiques
Altres autors: Шляпугин Б. А. (редактор)
Sumari:При составлении антологии использованы материалы из собрания Ирины и марка Баженовых "Все об Анне Ахматовой"
Idioma:rus
Publicat: Москва, Педагогика, 1991
Matèries:
Format: Llibre
KOHA link:https://koha.lib.tpu.ru/cgi-bin/koha/opac-detail.pl?biblionumber=38908

MARC

LEADER 00000nam0a2200000 4500
001 38908
005 20231031010917.0
010 |a 5715504422 
035 |a (RuTPU)RU\TPU\book\39739 
090 |a 38908 
100 |a 20020320d1991 m y0rusy50 ca 
101 0 |a rus 
102 |a RU 
105 |a y z 000ab 
200 1 |a О, Муза, плача...: стихотворения, посвященные Анне Ахматовой  |f под ред. Б. А. Шляпугина 
210 |a Москва  |c Педагогика  |d 1991 
215 |a 160 с. 
300 |a При составлении антологии использованы материалы из собрания Ирины и марка Баженовых "Все об Анне Ахматовой" 
600 1 |a Ахматова  |g Анна Андреевна  |b А. А.  |c русская поэтесса  |f 1889-1966  |c настоящая фамилия Горенко  |2 stltpui  |3 (RuTPU)RU\TPU\pers\1050 
610 1 |a стихотворения 
686 |a Ч611.68  |v LBC/SL-A  |2 rubbk 
702 1 |a Шляпугин  |b Б. А.  |4 340 
801 1 |a RU  |b 63413507  |c 20020320  |g PSBO 
801 2 |a RU  |b 63413507  |c 20181024  |g PSBO 
942 |c BK